|
|
|
|
| LEADER |
00814nam a2200217 a 4500 |
| 001 |
2186471 |
| 008 |
090811s1973 mau b 000 0 eng d |
| 010 |
|
|
|a 72000581
|
| 020 |
|
|
|a 0201043815
|
| 040 |
|
|
|a DLC
|c DLC
|d DLC
|
| 082 |
0 |
0 |
|a 301/.07/2
|2 18
|
| 100 |
1 |
|
|a MacQueen, Donald R.,
|e comp.
|
| 245 |
1 |
0 |
|a Understanding sociology through research
|c [compiled by] Donald R. MacQueen.
|
| 260 |
|
|
|a Reading, Mass.,
|b Addison-Wesley Pub. Co.
|c [1973]
|
| 300 |
|
|
|a xix, 539 p.
|c 24 cm.
|
| 504 |
|
|
|a Includes bibliographies.
|
| 541 |
1 |
|
|e 00002607
|
| 650 |
|
0 |
|a Sociology.
|
| 852 |
4 |
|
|a Ayesha Abed Library
|j General Shelf.
|
| 999 |
|
|
|c 3407
|d 3407
|
| 952 |
|
|
|0 0
|1 0
|2 ddc
|4 0
|6 301_072000000000000_MAC_1973
|7 0
|9 3093
|a BRACUL
|b BRACUL
|c GEN
|d 2009-09-01
|g 940.00
|l 1
|o 301.072 MAC
|p 3010002607
|r 2017-01-23
|s 2017-01-23
|t 1
|v 1880.00
|w 2009-09-01
|y BK
|